000 00611nam a2200205Ia 4500
003 GCL
008 140319s9999 xx 000 0 ara d
040 _aGCL /
_cGCL
082 0 4 _a810.91
_bع د
100 1 _aعفت الشرقاوى
245 1 0 _aدروس ونصوص فى قضايا الادب الجاهلى /
_cعفت الشرقاوى
260 _a[S.N] :
_bدار النهضة العربية
300 _a412 ص
490 _a
650 0 4 _aالشعر العربى
650 0 4 _aالادب العربى
650 0 4 _aالادب الجاهلى
650 0 4 _aتاريخ ونقد
942 _2ddc
_cBK
999 _c37150
_d37150